00576nam a2200169 a 450000100100000000500170001000800410002702000150006804000250008308200150010810000720012324500540019526000450024930000210029450000610031570000300037600004213920201002035950.0131114s2012 pr 000 0 spa d a1931702144 aDO-SdBNPbspacBNPHU axxxxbxxxx1 aTorres Santiago, José Manuel; prólogo, Marcelino Canino Salgado10aVinicio Vargas. /cJosé Manuel Torres Santiago. aSan Juan, Puerto Rico, :bIguana,c2012. a368 p. ;c22 cm. aEn celebración de los 50 años de Guajana (1962-2012)1 aCanino Salgado, Marcelino